International business : Competing in the global marketplace ; Postscript 1998

This book introduce about country factors, the global trade and investment environment. The global montary system. The strategy and structure of international business...

שמור ב:
מידע ביבליוגרפי
מחבר ראשי: Hill, Charles W. L.
פורמט: ספר
שפה:Undetermined
יצא לאור: Boston Irwin/McGraw-Hill 1999
נושאים:
תגים: הוספת תג
אין תגיות, היה/י הראשונ/ה לתייג את הרשומה!
Thư viện lưu trữ: Trung tâm Học liệu Trường Đại học Cần Thơ
LEADER 00876nam a2200217Ia 4500
001 CTU_219268
008 210402s9999 xx 000 0 und d
082 |a 658.049 
082 |b H645 
100 |a Hill, Charles W. L. 
245 0 |a International business : 
245 0 |b Competing in the global marketplace ; Postscript 1998 
245 0 |c Charles W.L. Hill 
260 |a Boston 
260 |b Irwin/McGraw-Hill 
260 |c 1999 
520 |a This book introduce about country factors, the global trade and investment environment. The global montary system. The strategy and structure of international business... 
650 |a International business enterprises,Competition, International,Danh nghiệp kinh doanh quốc tế,Cạnh tranh, quốc tế 
650 |x Management 
904 |i Qhieu 
980 |a Trung tâm Học liệu Trường Đại học Cần Thơ